| 000 | 00577nam a22001817a 4500 | ||
|---|---|---|---|
| 003 | CEME | ||
| 005 | 20210628201900.0 | ||
| 008 | 210107b xxu||||| |||| 00| 0 eng d | ||
| 020 | _a9789698535223 | ||
| 040 | _c. | ||
| 082 | _a302.2 SHA | ||
| 100 |
_aDr Shahid Ahmad Hashmat, Hashmat, Shahid Ahmad. Dr _957253 |
||
| 245 | _aInternational conflict resolution role of the un and the oic | ||
| 260 |
_aISLAMABAD _bNUST PUBLISHING ISLAMABAD _c2014 |
||
| 300 | _aXXVIII, 272P | ||
| 650 |
_aINTERNATIONAL CONFLICT RESOLUTION ROLE OF THE UN AND THE OIC _957254 |
||
| 942 |
_cBK _2ddc |
||
| 999 |
_c567546 _d567546 |
||